00862cas a2200241 a 450000100060000000300080000600500170001400800410003103500400007204000750011204100080018708200190019510000200021424500870023426000460032126500710036730000250043850400200046365000480048365000480053170000240057970000170060333386BD-RjUL20211209052011.0140507s1955 n qx m 0 1 a0eng d a(OCoLC)ocm13195731 a(BD-RjUL)33477 aNSDPcNSDPdNSTdMiUdDLCdNSTdEbpSdNLGGCdCaQQLdCU-IdBD-RjULbeng aeng14a301bLEC 1955 aLee, Raymond L.00aContemporary social issues /cLee, Raymond L., Burkhart, James A. and Shaw, Van B. aNewYork :bThomas Y. Crowell Co.,,c1955. aReference and Research Services, 511 Lincoln, Santa Cruz, CA 95060 axv, 864 p. ;c22 cm. aIncludes index. 0aSocial sciencesvBibliographyvPeriodicals. 0aSocial problemsxBibliographyxPeriodicals. aBurkhart, James A.  a Shaw, Van B